Escritos sobre derechos fundamentales
Spremljeno u:
| Glavni autor: | |
|---|---|
| Format: | Knjiga |
| Jezik: | španjolski |
| Izdano: |
Madrid
EUDEMA
1988
|
| Serija: | Eudema Universidad. Textos de Apoyo
|
| Teme: | |
| Oznake: |
Dodaj oznaku
Bez oznaka, Budi prvi tko označuje ovaj zapis!
|
MARC
| LEADER | 00000nam a2200000 a 4500 | ||
|---|---|---|---|
| 001 | UCV2524 | ||
| 003 | CL-VaPUC | ||
| 008 | 920812e19880000SP |||||||||||||||||spa|d | ||
| 082 | 0 | 4 | |a 323.4 |b PEC |2 21 |
| 100 | |a Peces-Barba Martínez, Gregorio |e autor |9 576567 | ||
| 245 | 1 | 0 | |a Escritos sobre derechos fundamentales |
| 300 | |a 278 p | ||
| 942 | |c BK | ||
| 945 | |d 19920812 00:00:00 | ||
| 260 | |a Madrid |b EUDEMA |c 1988 | ||
| 650 | 0 | |a Derechos civiles |9 255655 | |
| 650 | 0 | |a Derechos humanos |9 223025 | |
| 583 | |a last modification |c 19920812 00:00:00 |k Rodrigo Vera | ||
| 490 | 0 | |a Eudema Universidad. Textos de Apoyo | |
| 999 | |c 210067 |d 210065 | ||
| 952 | |0 0 |1 0 |4 0 |6 323_400000000000000_PEC_1988 |7 0 |8 DER_TF |9 186075 |a BIBDER |b BIBDER |d 2019-11-14 |i 253536K |o 323.4 PEC 1988 |p 253536K |r 2023-01-25 |w 2019-11-14 |x Ubicación 4to Piso |y BK |z Estos recursos deben solicitarse con anticipación |k DER | ||